[Event "West Attica-ch U16"]
[Site "Athens"]
[Date "2009.09.08"]
[Round "1"]
[White "Tsoukaraki, Athina"]
[Black "Routsi, Theodoros"]
[Result "1-0"]
[WhiteElo "1150"]
[BlackElo "1005"]
[PlyCount "89"]
[EventDate "2009.09.08"]
[EventType "swiss"]
[EventRounds "7"]
[EventCountry "GRE"]
[SourceTitle "EXT 2011"]
[Source "ChessBase"]
[SourceDate "2010.11.26"]
[SourceVersion "1"]
[SourceVersionDate "2010.11.26"]
[SourceQuality "1"]

1. e4 e6 2. Nf3 d5 3. exd5 exd5 4. d4 Bg4 5. Be2 h6 6. a3 Nf6 7. Nc3 Qe7 8. Be3 Qe6 9. Ne5 Bxe2 10. Qxe2 Bd6 11. Bf4 Nbd7 12. Nxd7 Qxe2+ 13. Nxe2 Bxf4 14. Nxf6+ gxf6 15. Nxf4 c6 16. 0-0-0 0-0-0 17. Rhe1 Rhg8 18. g3 Rge8 19. Nh5 Re6 20. Rxe6 fxe6 21. Re1 Re8 22. Ng7 Re7 23. Nh5 f5 24. Nf4 Kd7 25. h3 Kd6 26. Nd3 b6 27. g4 Rf7 28. Rg1 Rg7 29. f3 a5 30. h4 Rf7 31. g5 hxg5 32. hxg5 c5 33. dxc5+ bxc5 34. f4 c4 35. Ne5 Rg7 36. Rh1 d4 37. Nxc4+ Kd5 38. Nxa5 Ke4 39. Nb3 Kxf4 40. Nxd4 e5 41. Ne6+ Kg4 42. Rg1+ Kh5 43. Nxg7+ Kg6 44. Nxf5 Kxf5 45. g6 1-0